000 00331nam a2200121Ia 4500
008 240731s9999 xx 000 0 und d
022 _a2160-0244
245 0 _aNational Committee on American Foreign Policy. Newsletter.
260 _bRoutledge
856 _uhttps://www.tandfonline.com/loi/uzfn20
942 _2ddc
942 _cTFEJ
999 _c78667
_d78667
945 _a1
_bMadushi Gamage
_c1
_dMadushi Gamage